Régimen jurídico sobre control de cambios (Record no. 10746)

MARC details
000 -LEADER
campo de control de longitud fija 00850nam a22002295i 4500
001 - NÚMERO DE CONTROL
campo de control 10746
003 - IDENTIFICADOR DE NÚMERO DE CONTROL
campo de control ES-MaACL
005 - FECHA Y HORA DE LA ÚLTIMA TRANSACCIÓN
campo de control 20230906145941.0
007 - CAMPO FIJO DE DESCRIPCIÓN FÍSICA--INFORMACIÓN GENERAL
campo de control de longitud fija t|
008 - DATOS DE LONGITUD FIJA--INFORMACIÓN GENERAL
campo de control de longitud fija 940912s1994 sp ||||0| spa j
020 ## - NÚMERO INTERNACIONAL ESTÁNDAR DEL LIBRO
Número Internacional Estándar del Libro 84-87899-17-X
040 ## - FUENTE DE CATALOGACIÓN
Centro catalogador/agencia de origen M-BN
Lengua de catalogación spa
Centro/agencia transcriptor M-BN
080 ## - NÚMERO DE LA CLASIFICACIÓN DECIMAL UNIVERSAL
Número de la Clasificación Decimal Universal 347.752(460)
080 ## - NÚMERO DE LA CLASIFICACIÓN DECIMAL UNIVERSAL
Número de la Clasificación Decimal Universal 347.752(4-672 CE)
245 00 - MENCIÓN DEL TÍTULO
Título Régimen jurídico sobre control de cambios
Resto del título : (España-Comunidad Europea) : tratado legislativo (normativa española y comunitaria) /
Mención de responsabilidad, etc. Diego Saura Calixto.
260 ## - PUBLICACIÓN, DISTRIBUCIÓN, ETC.
Lugar de publicación, distribución, etc. Madrid :
Nombre del editor, distribuidor, etc. Centro de Estudios del Seguro,
Fecha de publicación, distribución, etc. D.L. 1994.
300 ## - DESCRIPCIÓN FÍSICA
Extensión 467 p ;
Dimensiones 24 cm.
650 14 - PUNTO DE ACCESO ADICIONAL DE MATERIA--TÉRMINO DE MATERIA
Término de materia o nombre geográfico como elemento de entrada Cambio exterior-
Subdivisión geográfica España-
Subdivisión de forma Legislación.
9 (RLIN) 10689
650 14 - PUNTO DE ACCESO ADICIONAL DE MATERIA--TÉRMINO DE MATERIA
Término de materia o nombre geográfico como elemento de entrada Cambio exterior-
Subdivisión de forma Legislación comunitaria.
9 (RLIN) 10690
700 1# - ENTRADA AGREGADA--NOMBRE PERSONAL
Nombre de persona Saura Calixto, Diego.
9 (RLIN) 103999
852 ## - LOCALIZACIÓN
Ubicación ES-MaACL
Número de control de estantería L-18082
Sublocalización o colección R.124430
condición física . - Ded. autógr. del autor
Holdings
Estatus retirado Estado de pérdida Estado de daño No para préstamo Biblioteca de origen Biblioteca actual Ubicación en estantería Fecha de adquisición Fuente de adquisición Total de préstamos Signatura topográfica completa Código de barras Visto por última vez Precio de reemplazo Tipo de ítem Koha
        Biblioteca del Ateneo de Madrid Biblioteca del Ateneo de Madrid Depósito 2 17/01/2008     L-18082 1010962 23/02/2023 23/02/2023 Libro impreso